LEADER 01160nam0 22002771i 450 001 RML0235477 005 20231121125701.0 100 $a20121121d1988 ||||0itac50 ba 101 | $aita 102 $ait 181 1$6z01$ai $bxxxe 182 1$6z01$an 200 1 $aInnovazione tecnologica e potere di mercato nei rapporti tra imprese$el'industria dei componenti per auto$fAldo Enrietti$gMassimo Follis,Graziella Fornengo 210 $aMilano $cFrancoAngeli $d1988 215 $a274 p.$ctab.$d22 cm 700 1$aENRIETTI$b, Aldo$3RMLV149824$0373787 701 1$aFornrngo$b, Graziella$3RMLV150122$01443090 701 1$aFollis$b, Massimo$3RMLV150123$0115382 801 3$aIT$bIT-01$c20121121 850 $aIT-FR0098 899 $aBiblioteca Area Giuridico Economica$bFR0098 912 $aRML0235477 950 0$aBiblioteca Area Giuridico Economica$d 53CAM 338/139$e 53VM 0000039785 VM barcode:ECO002829. - Inventario:4332. - Fondo:Sala consultazioneVM$fA $h19941027$i20121204 977 $a 53 996 $aInnovazione tecnologica e potere di mercato nei rapporti tra imprese$93619066 997 $aUNICAS LEADER 01088nam0 22002651i 450 001 UON00345400 005 20231205104317.43 100 $a20091116d1973 |0itac50 ba 101 $aita 102 $aIT 105 $a|||| ||||| 200 1 $aProblematica dell'eccesso di potere amministrativo. Vol.I$eL'eccesso di potere e la giurisprudenza del Consiglio di Stato$fGiovanni De Cesare 210 $aPadova$cCedam$d1973 215 $aVIII,147 p.$d24 cm. 606 $aConsiglio di Stato$xStudi$3UONC035538$2FI 606 $aPotere amministrativo$xEccesso$3UONC035245$2FI 620 $aIT$dPadova$3UONL000153 700 1$aDe_Cesare$bGiovanni Battista$3UONV107833$00 712 $aCedam$3UONV247039$4650 801 $aIT$bSOL$c20251121$gRICA 899 $aSIBA - SISTEMA BIBLIOTECARIO DI ATENEO$2UONSI 912 $aUON00345400 950 $aSIBA - SISTEMA BIBLIOTECARIO DI ATENEO$dSI PUB C 0098 $eSI SG 2885 5 0098 996 $aProblematica dell'eccesso di potere amministrativo. Vol.I$91358229 997 $aUNIOR